000 00628nam a2200217Ia 4500
008 191130s1999##################000#0#eng##
020 _a9780873228534
022 _a98028987
040 _aACL
_cACL
082 _a338.4791 STA
100 _aStandeven, Joy
245 _aSport tourism
_cJoy Standeven, Paul De Knop
260 _aChampaign, IL
_bHuman Kinetics
_cc1999
300 _aviii, 367 p. : ill. ; 24 cm
500 _aIncludes bibliographical references and index
650 _aSports and tourism
700 _aKnop, Paul de
990 _a999d4dc4ac10000c7edaf148e5cc1672
991 _a208400
999 _c290710
_d290710